| 000 | 00516nam a22001817a 4500 | ||
|---|---|---|---|
| 003 | OSt | ||
| 008 | 240315b |||||||| |||| 00| 0 eng d | ||
| 020 | _a9789385516740 | ||
| 082 |
_a630.954 _bS69A |
||
| 100 | _aSomasundaram, E | ||
| 245 | _aAgronomy : principles and practices | ||
| 260 |
_aNew Delhi : _bNew India Publishing Agency, _c2017. |
||
| 300 | _axiii,273p | ||
| 650 | _a Agriculture and Related Technologies | ||
| 650 | _aTechnology (Applied Sciences) | | ||
| 650 | _a| Agronomy | ||
| 942 |
_2ddc _cRFB |
||
| 999 |
_c38088 _d38088 |
||